000 00878nam a2200265Ia 4500
003 OSt
005 20220923211215.0
006 a|||||r|||| 00| 0
007 ta
008 220922b |||||||| |||| 00| 0 hin d
020 _a9788126320981
_c170
024 _a264,258
037 _b1862, 16/07/2012, Kiran Book Service
_cTextual
040 _aARTS
_cARTS
_bhin
041 _2hin
_ahin
082 _aO152,3N306,CD, Q1
100 _aहृदयेश
_9159645
245 0 _aचार दरवेश
246 _aChār daravesha
260 _aनयी दिल्ली
_b भारतीय ज्ञानपीठ
_c2011
300 _a172पृ.
_ccm.
650 _aहिन्दी साहित्य
_9156264
942 _hO152,3N306,CD, Q1
_cTEXL
_2CC
999 _c296877
_d296877